Electrical engineering handbook

Gespeichert in:
Bibliographische Detailangaben
Format: Buch
Sprache:Englisch
Veröffentlicht: Berlín Siemens 1969
Schlagworte:
Tags: Tag hinzufügen
Keine Tags, Fügen Sie den ersten Tag hinzu!

MARC

LEADER 00000nam a2200000 a 4500
001 UCU5010
003 CL-VaPUC
008 960531e19690000GW |||||||||||||||||eng|d
082 0 4 |a 621.3  |b ELE  |2 21 
245 1 0 |a Electrical engineering handbook 
300 |a 749 p 
942 |c BK 
945 |d 19960531 00:00:00  |a cmena 
260 |a Berlín  |b Siemens  |c 1969 
650 0 |a Electricidad  |9 260222 
650 7 |a TECNOLOGIA ELECTRICA  |2 CL-VaPUC  |9 336952 
650 0 |a Manuales  |9 257144 
650 7 |a INFORMACION TECNOLOGICA  |2 CL-VaPUC  |9 362854 
650 7 |a DOCUMENTOS PRIMARIOS  |2 CL-VaPUC  |9 350391 
650 7 |a INGENIEROS ELECTRICISTAS  |2 CL-VaPUC  |9 362855 
583 |a last modification  |c 19960531 00:00:00  |k Rodrigo Vera 
999 |c 248527  |d 248525 
952 |0 0  |1 0  |4 0  |6 621_300000000000000_ELE_1969  |7 0  |8 A  |9 265208  |a BIBING  |b BIBING  |d 2019-11-19  |i 1668161  |o 621.3 ELE 1969  |p 1668161  |r 2025-01-20  |w 2019-11-19  |y BK  |k EIE